Statistics for Months in the Answer

Click here to take the quiz!

General Stats

  • This quiz has been taken 53 times
  • The average score is 12 of 20

Answer Stats

ClueAnswer% Correct
Ship that landed on Plymouth RockMay{flower}
94%
Day of jokes and hoaxesApril {Fools}'
94%
The day Julius Caesar was killed{Ides} of March
87%
Oliver Stone movie
starring Tom Cruise
{Born} On The
Fourth Of July
85%
Tom Clancy novel about a Soviet
submarine captian
The {Hunt} for
Red October
83%
She didn't deliver Brexit{Theresa} May
81%
Queen's lead guitarist{Brian} May
77%
Type of green beetleJune {Bug}
68%
Guns N' Roses songNovember {Rain}
64%
Dictator of Chile, 1973–1990Augusto {Pinochet}
60%
French sculptor of "The Thinker"Auguste {Rodin}
57%
Remember, remember, the ...{5th} of November
57%
March started by Gandhi in 1930{Salt} March
51%
English meaning of the name of
Brazil's 2nd biggest city
January {River}
49%
Johnny Cash's wifeJune {Carter} Cash
47%
June 19th holiday which
celebrates the end of slavery
June{teenth}
45%
Started on 8th March, 1917February {Revolution}
36%
Military retreat of the Chinese
Red Army in 1935
{Long} March
30%
Movie starring young
Jake Gyllenhaal and Laura Dern
October {Sky}
21%
French island in the Indian OceanMay{otte}
19%

Score Distribution

Percentile by Number Answered

Percent of People with Each Score

Your Score History

You have not taken this quiz